Antología literaria 3 : (Registro nro. 9879)

Detalles MARC
000 -LIDER
fixed length control field 01469nam a2200277 a 4500
001 - NÚMERO DE CONTROL
Identificador de número de control 00003877
003 - IDENTIFICACDOR DE NÚMERO DE CONTROL
control field DO-SdBNP
005 - DATE AND TIME OF LATEST TRANSACTION
control field 20180312082504.0
007 - CAMPOS FIJOS DE DESCRIPCIÓN FÍSICA
fixed length control field 00003877
008 - ELEMENTOS DE LONGITUD FIJA
fixed length control field 091118s2002 dr ac 000 0 spa d
020 ## - ISBN
International Standard Book Number 9993487341
040 ## - FUENTE DE CATALOGACIÓN
Agencia que crea de manera original el registro BNPHU
Idioma de catalogación spa
Agencia que realiza la transcripción BNPHU
092 ## - LOCALLY ASSIGNED DEWEY DECIMAL CALL NUMBER
Número de clasificación xxxx
Número de ítem (Cutter) xxxx
245 00 - MENCIÓN DE TITULO
Título Antología literaria 3 :
Subtítulo educación media /
Mención de responsabilidad selección Manuel García Cartagena ; ilustración Ruddy Núñez
260 ## - PUBLICACIÓN, DISTRIBUCIÓN, ETC. (PIE DE IMPRENTA)
Lugar de publicación, distribución, etc Santo Domingo :
Nombre del editor, distribuidor, etc. Santillana,
Fecha de publicación, distribución, etc 2002.
300 ## - DESCRIPCIÓN FÍSICA
Extensión 151 p. :
Otros detalles físicos il., retrs. ;
Dimensiones 28 cm.
490 1# - MENCIÓN DE SERIES
Mención de serie Umbral
500 ## - NOTA GENERAL
Materiales especificados Literatura española (siglo XX) conectada con literatura universal (siglo XX).
505 0# - NOTA DE CONTENIDO
Información miscelánea 1er. curso/ Segundo ciclo
-- Unidad 1
Título España en transición --
Información miscelánea Unidad 2
Título Pensadores españoles del novecentismo --
Información miscelánea Unidad 3
Título La lírica española de entreguerras --
Información miscelánea Unidad 4
Título Poetas españoles de vanguardia --
Información miscelánea Unidad 5
Título Letras española de la posguerra --
Información miscelánea Unidad 6
Título Letras española contemporáneas --
Información miscelánea Unidad 7
Título Letras de la " Belle epoque" --
Información miscelánea Unidad 8
Título Letras de la época de entreguerras --
Información miscelánea Unidad 9
Título Grandes novelistas alemanes --
Información miscelánea Unidad 10
Título Letras francesas de la posguerra --
Información miscelánea Unidad 11
Título Letras de la posguerra norteamericana --
Información miscelánea Unidad 12
Título Letras europeas contemporáneas --
700 12 - ASIENTO SECUNDARIO -- NOMBRE PERSONAL
Nombre personal García Cartagena, Manuel,
Mención de responsabilidad ed.
700 12 - ASIENTO SECUNDARIO -- NOMBRE PERSONAL
Nombre personal Núñez, Ruddy ,
Mención de responsabilidad il.
830 #0 - ASIENTO SECUNDARIO DE SERIE--TÍTULO UNIFORME
Título uniforme Umbral
942 ## - ADDED ENTRY ELEMENTS (KOHA)
Source of classification or shelving scheme Dewey Decimal Classification
Koha item type Libros
945 ## - INFORMACIÓN DE PROCESAMIENTO LOCAL
Información de procesamiento local inventariado, 2018 / dg
956 ## - LOCAL ELECTRONIC LOCATION AND ACCESS (OCLC)
Nombre de host LOPEREZ
Número de acceso 10
Información de compresión 20160421
Inicio de sesión BPMSU
Procesador de solicitud 00041
Existencias
Withdrawn status Lost status Source of classification or shelving scheme Damaged status Not for loan Collection code Home library Current library Date acquired Source of acquisition Total Checkouts Barcode Date last seen Copy number Price effective from Koha item type
    Dewey Decimal Classification     Colección Escolar Biblioteca Pública Metropolitana Salomé Ureña Biblioteca Pública Metropolitana Salomé Ureña 04/21/2016 Donación   BPMSU16040613 04/21/2016 v. 1, 04/21/2016 Libros
    Dewey Decimal Classification     Colección Escolar Biblioteca Pública Metropolitana Salomé Ureña Biblioteca Pública Metropolitana Salomé Ureña 04/21/2016 Donación   BPMSU16040614 04/21/2016 v. 2, e. 2 04/21/2016 Libros
    Dewey Decimal Classification       Biblioteca Pública Metropolitana Salomé Ureña Biblioteca Pública Metropolitana Salomé Ureña 04/21/2016 Donación   BPMSU16040615 04/21/2016 v. 1, e. 3 04/21/2016 Libros